000 00633cam a22001934a 4500
005 20250605163941.0
008 250528s ||||||||||||||||||||||||d
035 _a15010
020 _a70558434
040 _aGR-AtMCL
_bgre
_dGR-AtMCL
_eAACR2
245 1 _aComputer Organization / A Top-Down Approach
260 _bMcgraw Hill, Inc,
_c1992
300 _a554
520 _aPreface, The Higher-Level Language Model, The Assembly Language Model, The Machine Language Model, The Digital Logic Model, The Integrated System Model, Extensions, Index.
700 1 _aScragg Greg W
_9839
942 _cBK
999 _c616
_d616